书目信息 |
| 题名: |
视觉文化的奇观
|
|
| 作者: | 吴琼 主编 | |
| 分册: | ||
| 出版信息: | 北京 中国人民大学出版社 2005.11 |
|
| 页数: | 311页 | |
| 开本: | 19cm | |
| 丛书名: | 视觉文化系列丛书 | |
| 单 册: | ||
| 中图分类: | G0-53 | |
| 科图分类: | ||
| 主题词: | 视觉--文化--研究--文集 | |
| 电子资源: | ||
| ISBN: | 7-300-06951-7 | |
| 000 | 01042nam0 2200241 450 | |
| 001 | 0000806 | |
| 005 | 20070120145922.62 | |
| 010 | @a7-300-06951-7@dCNY27.80 | |
| 100 | @a20060829d2005 ekmy0chiy0121 ea | |
| 101 | 0 | @achi |
| 102 | @aCN@b110000 | |
| 105 | @ay z 000yy | |
| 200 | 1 | @a视觉文化的奇观@Ashi jue wen hua de qi guan@f吴琼主编 |
| 210 | @a北京@c中国人民大学出版社@d2005.11 | |
| 215 | @a311页@d19cm | |
| 225 | 2 | @a视觉文化系列丛书 |
| 330 | @a 何谓“视觉文化研究”?这一研究的精神是什么?在方法上有什么样的特征?如果说视觉主要的功能是观看,那么,在看与被看、看与看的机器、看的主体性与他者之间又有着什么样的关系?围绕这些问题,本书所选篇目将给大家提供一幅基本的地图,但不是答案。其中雅克.拉康、让.鲍德里亚、居伊.德波等人的论文已经成为视觉文化研究的经典文献,而米克.巴尔、维克多.伯金等人的文字可以说代表了这一研究领域的最新的成果。 | |
| 410 | 0 | @12001 @a视觉文化系列丛书 |
| 606 | 0 | @a视觉@x文化@x研究@x文集 |
| 690 | @aG0-53@v4 | |
| 701 | 0 | @a吴琼@Awu qiong@4主编 |
| 801 | 0 | @aCN@b中图数据@c20070120 |
| 905 | @a10447@dG0-53@e51 | |
| 视觉文化的奇观/吴琼主编.-北京:中国人民大学出版社,2005.11 |
| 311页;19cm.-(视觉文化系列丛书) |
| ISBN 7-300-06951-7:CNY27.80 |
| 何谓“视觉文化研究”?这一研究的精神是什么?在方法上有什么样的特征?如果说视觉主要的功能是观看,那么,在看与被看、看与看的机器、看的主体性与他者之间又有着什么样的关系?围绕这些问题,本书所选篇目将给大家提供一幅基本的地图,但不是答案。其中雅克.拉康、让.鲍德里亚、居伊.德波等人的论文已经成为视觉文化研究的经典文献,而米克.巴尔、维克多.伯金等人的文字可以说代表了这一研究领域的最新的成果。 |
| ● |
| 相关链接 |
|
|
|
|
正题名:视觉文化的奇观
索取号:G0-53/51
 
预约/预借
| 序号 | 登录号 | 条形码 | 馆藏地/架位号 | 状态 | 备注 |
| 1 | 0618059 | 206180595 | 第一样本阅览室/ [索取号:G0-53/51] | 在馆 | |
| 2 | 0618060 | 206180602 | 第四借阅区/ [索取号:G0-53/51] | 在馆 | |
| 3 | 0618061 | 206180611 | 第四借阅区/ [索取号:G0-53/51] | 在馆 |